Kiss Adrienn tanárjelölt cukrászatot is tanul Egyetemista a torták között

Elmentve itt :
Bibliográfiai részletek
Dokumentumtípus: Cikk
Megjelent: 2006-09-15
Sorozat:Délmagyarország
Kulcsszavak:Egyetemi hallgató, Kiss Adrienn
Online Access:http://univ.bibl.u-szeged.hu/29899
LEADER 00479nab a2200145 i 4500
001 univ29899
005 20171214104409.0
008 171214s2006 hu o 0|| zxx d
040 |a SZTE UnivHistória Repozitórium  |b hun 
041 |a zxx 
245 0 0 |a Kiss Adrienn tanárjelölt cukrászatot is tanul   |h [elektronikus dokumentum] :  |b Egyetemista a torták között 
260 |c 2006-09-15 
490 0 |a Délmagyarország 
561 |a Egyetemi hirarchívum 
695 |a Egyetemi hallgató, Kiss Adrienn